| 000 | 00661nam a2200217 a 4500 | ||
|---|---|---|---|
| 001 | 20294 | ||
| 003 | BD-RjUL | ||
| 005 | 20211209000539.0 | ||
| 008 | 140227s1959 enk 000 1 eng d | ||
| 035 |
_a(BD-RjUL)20356 _aOCLC ocm11205345 from D950617M |
||
| 040 |
_aRCE _cRCE _dUKM _dEQO _dBD-RjUL _beng |
||
| 041 | 0 | 0 | _aeng |
| 082 | 0 | 0 |
_a842.91 _218 _bBEW 1959 |
| 100 | 1 |
_aBeckett, Samuel, _d1906-1989 _962549 |
|
| 245 | 1 | 0 |
_aWaiting for Godot : _ba tragicomedy in two acts / _cSamuel Beckett. |
| 260 |
_aLondon : _bFaber and Faber, _c1959. |
||
| 300 |
_a94 p. ; _c21 cm. |
||
| 650 | 0 |
_aFrench drama _y20th century. _961285 |
|
| 942 |
_2ddc _cBK |
||
| 999 |
_c20294 _d20294 |
||